| 000 | 00484nam a2200181 4500 | ||
|---|---|---|---|
| 001 | 44802 | ||
| 090 | _a44802 | ||
| 100 | _a20250922 pory50 | ||
| 101 | _apor | ||
| 102 | _aPT | ||
| 200 |
_aVan Gogh _eentre o Trigo e o Céu _frealiz. Giovanni Piscaglia _ghist. e arg. Matteo Moneta |
||
| 210 |
_aItália _cFesta do Cinema Italiano .com _d2019 |
||
| 215 | _a1 DVD | ||
| 225 | _aFesta do Cinema Italiano | ||
| 300 | _aM/12 85 m. | ||
| 675 | _a7 | ||
| 801 |
_aPT _gRPC |
||
| 990 | _cFILMES DVD | ||